000 00871nam a22002177a 4500
005 20240530110623.0
008 161228s2014 ua g b 000 0 ara d
017 _a2014/9666
_bمصر. دار الكتب
020 _a9789777280815
040 _aEG-CaGPL
_cEG-CaGPL
082 0 4 _221
_a229.4410\
_bز أ
100 0 _aزكريا التهامى
245 1 0 _aاهمية اللغة فى الترجيح الفقهى :
_bابوبكر بن العربى انموذجا /
_cزكريا التهامى
250 _aط. 1
260 _aالقاهرة :
_bدار الحكمة للطباعة و النشر و التوزيع ،
_c2014.
300 _a142 ص. ؛
_c24 سم.
504 _aيشتمل على ارجاعات ببليوجرافية
650 0 7 _2qrmak
_aالاسلام و اللغة العربية
942 _2ddc
_cBK
999 _c63094
_d63094